কিংবদন্তির ঢাকা / (Record no. 40186)
[ view plain ]
| 000 -LEADER | |
|---|---|
| fixed length control field | 00844nam a2200241 a 4500 |
| 001 - CONTROL NUMBER | |
| control field | 40186 |
| 003 - CONTROL NUMBER IDENTIFIER | |
| rucl marc code | BD-RjUL |
| 005 - DATE AND TIME OF LATEST TRANSACTION | |
| control field | 20211209053144.0 |
| 008 - FIXED-LENGTH DATA ELEMENTS--GENERAL INFORMATION | |
| fixed length control field | 160424s1981 bg ||||| |||| 001 0 ben d |
| 020 ## - INTERNATIONAL STANDARD BOOK NUMBER | |
| Terms of availability | : IRs 25.00 |
| 035 ## - SYSTEM CONTROL NUMBER | |
| System control number | (BD-RjUL)40301 |
| 040 ## - CATALOGING SOURCE | |
| Original cataloging agency | BD-RjUL |
| Language of cataloging | ben |
| Transcribing agency | BD-RjUL |
| 041 ## - LANGUAGE CODE | |
| Language code of text/sound track or separate title | ben |
| 082 ## - DEWEY DECIMAL CLASSIFICATION NUMBER | |
| Edition number | 23 |
| Classification number | 954.922 |
| Author mark and year | HOK 1981 |
| 100 ## - MAIN ENTRY--PERSONAL NAME | |
| Personal name | হোসেন, নাজির |
| 9 (RLIN) | 123712 |
| 245 10 - TITLE STATEMENT | |
| Title | কিংবদন্তির ঢাকা / |
| Statement of responsibility, etc. | নাজির হোসেন |
| 260 ## - PUBLICATION, DISTRIBUTION, ETC. (IMPRINT) | |
| Place of publication, distribution, etc. | ঢাকা : |
| Name of publisher, distributor, etc. | আজাদ মুসলিম ক্লাব, |
| Date of publication, distribution, etc. | ১৯৮১ |
| 300 ## - PHYSICAL DESCRIPTION | |
| Pagination | [২৬], ২৪৮ পৃ. ; |
| Size | ২১ সেমি |
| 504 ## - BIBLIOGRAPHY, ETC. NOTE | |
| Bibliography, etc | নির্ঘন্ট সম্বলিত |
| 650 ## - SUBJECT ADDED ENTRY--TOPICAL TERM | |
| Topical term or geographic name as entry element | ইতিহাস |
| Geographic subdivision | ঢাকা |
| 9 (RLIN) | 122219 |
| Topical term or geographic name as entry element | History |
| Geographic subdivision | Dhaka |
| 9 (RLIN) | 122220 |
| 942 ## - ADDED ENTRY ELEMENTS (KOHA) | |
| Source of classification or shelving scheme | Dewey Decimal Classification |
| Koha item type | Books |
| Lost status | Source of classification or shelving scheme | Damaged status | Not for loan | Collection code | Permanent Location | Current Location | Shelving location | Date acquired | Source of acquisition | Cost, normal purchase price | Total Checkouts | Full call number | Date last seen | Date checked out | Copy number | Koha item type |
|---|---|---|---|---|---|---|---|---|---|---|---|---|---|---|---|---|
| Dewey Decimal Classification | Non-fiction | Central Library, University of Rajshahi | Central Library, University of Rajshahi | 09/04/1984 | Dhaka, Books | 20.00 | 1 | B 954.922 HOK 1981 | 24/09/2017 | 30/07/2017 | C-2 | Books | ||||
| Dewey Decimal Classification | Not For Loan | Non-fiction | Central Library, University of Rajshahi | Central Library, University of Rajshahi | Reading Room | 06/02/1980 | Niyamat book shop | 10.00 | B 954.922 HOK 1981 | 12/03/2017 | C-1 | Books |